| Tag |
First Indicator |
Second Indicator |
Subfields |
| LEADER |
00000cam a2200000 a 4500 |
| 001 |
in00000888131 |
| 005 |
20220103115047.0 |
| 007 |
cr unu a |
| 008 |
900302s1989 xx a b 00010 eng d |
| 035 |
|
|
|9 AEK6125AM
|
| 035 |
|
|
|a (OCoLC)21166716
|
| 040 |
|
|
|a TXA
|c TXA
|d UtOrBLW
|
| 049 |
|
|
|a TXAZ [Also in] [Archives]
|c 1 [A12484021], 2 [A12484071]
|
| 099 |
|
|
|a 1989
|a Thesis
|a A563
|
| 100 |
1 |
|
|a Andrewartha, John Michael,
|d 1960-
|
| 245 |
1 |
0 |
|a Transient approximations in queueing networks /
|c by John Michael Andrewartha.
|
| 264 |
|
1 |
|a [Place of publication not identified] :
|b [publisher not identified] ;
|c 1989.
|
| 300 |
|
|
|a xi, 184 leaves :
|b illustrations ;
|c 29 cm.
|
| 336 |
|
|
|a text
|b txt
|2 rdacontent
|
| 337 |
|
|
|a computer
|b c
|2 rdamedia
|
| 338 |
|
|
|a online resource
|b cr
|2 rdacarrier
|
| 500 |
|
|
|a "Major subject: Electrical Engineering."
|
| 500 |
|
|
|a Typescript (photocopy).
|
| 500 |
|
|
|a Vita.
|
| 502 |
|
|
|b M.S.
|c Texas A&M University
|d 1989.
|
| 504 |
|
|
|a Includes bibliographical references.
|
| 530 |
|
|
|a Also available online.
|
| 650 |
|
0 |
|a Approximation theory.
|
| 650 |
|
0 |
|a Computer networks
|x Simulation methods.
|
| 650 |
|
0 |
|a Queuing theory.
|
| 650 |
|
4 |
|a Major electrical engineering.
|
| 856 |
4 |
1 |
|u https://hdl.handle.net/1969.1/ETD-TAMU-1989-THESIS-A563
|z Link to OAKTrust copy
|t 0
|
| 999 |
|
|
|a MARS
|
| 999 |
f |
f |
|s 49609123-3a8c-34fe-a039-5b9971c55d6f
|i 500ce6c9-578c-3cf2-a59f-f84782025922
|t 0
|
| 952 |
f |
f |
|p noncirc
|a Texas A&M University
|b J.J. Pickle Campus
|c High Density Repository
|s HDR
|d Remote Storage
|t 0
|e 1989 Thesis A563
|h Other scheme
|i computer -- online resource
|m A14839642284
|
| 952 |
f |
f |
|a Texas A&M University
|b College Station
|c Electronic Resources
|s www_evans
|d Available Online
|t 0
|e 1989 Thesis A563
|h Other scheme
|
| 998 |
f |
f |
|a 1989 Thesis A563
|t 0
|l Remote Storage
|
| 998 |
f |
f |
|a 1989 Thesis A563
|t 0
|l Available Online
|